| 000 | 00866nam a22002777a 4500 | ||
|---|---|---|---|
| 001 | 00008547 | ||
| 003 | DO-SdBNP | ||
| 005 | 20180403101004.0 | ||
| 008 | 160601b 1991 spa c | |||| 00| 0 spa d | ||
| 020 | _a8432048216 | ||
| 040 |
_aBPMSU _bspa _cBPMSU |
||
| 041 | 1 | 7 |
_aspa _heng |
| 092 |
_aBPMSU _bspa _eBPMSU |
||
| 100 | 1 | _aDouglas, Paul | |
| 240 | 1 | 0 |
_aLearn tennis in a weekend _lEspañol. |
| 245 | 1 | 0 |
_aAprender tenis en un fin de semana / _cPaul Douglas ; fotografías de Matthew Ward ; tr. Andrés Ehrenhaus. |
| 260 |
_aBarcelona : _bPlaneta, _c1991. |
||
| 300 |
_a95 p. : _bretrato _c23 cm. |
||
| 490 | 1 | _aManuales prácticos | |
| 700 | 1 | 2 |
_aWard, Matthew, _efot. |
| 700 | 1 | 2 |
_aEhrenhaus, Andrés, _etr. |
| 830 | 0 | _pManuales prácticos | |
| 942 |
_2ddc _cBK |
||
| 945 | _aInventariado, 2018/ YL | ||
| 956 |
_2LOPEREZ _310 _620160601 _8BPMSU _a00041 |
||
| 999 |
_c10251 _d10251 |
||